000 01422nam1a2200313 4500
001 RU\NLR\BIBL_A\010364454
005 20260316161913.0
035 _a(NLR Aleph) 010364454
090 _a9590314
_c9590314
100 _a20260322 rusy50
101 0 _arus
102 _aRU
105 _a||||z||||||||
200 1 _aРодники России
_eизбранные стихи профессиональных писательниц клуба "Мсковитянка" [при Центральном доме литераторов
_eальманах
_fред. совет: В.И. Гусев и др.
_gвступ. ст.: Иван Голубичный]
210 _aБалашиха (Моск. обл.)
_cОльга
_d2013
215 _d2013
225 1 _aЗолотое перо
686 2 _aШ6(2=Р)8-5
686 2 _aШ6(2=Р)8-999
702 1 _4340
_7ca
_8rus
_aГусев
_bВ. И.
_cд-р филол. наук, писатель
_f1937-2022
_gВладимир Иванович
_9119402
_3RU\NLR\AUTH\779580
711 0 2 _a"Московитянка", литературный клуб
_cМосква
_9531954
_3RU\NLR\AUTH\8810017052
852 _aNLR
_j2014-2/1740
942 _cBOOK
980 _aNB